zpět

Detail výsledku týmu

Patro Pub, Tišnov

Datum a čas kvízu

26.5 Celkem bodů Celkový počet nahraných bodů na tomto kvízu bez doplňovacích otázek.
6. Pořadí na kvízu Konečné umístění týmu na tomto kvízu.

Zaznamenané odpovědi

# Otázka Odpověď Body Výsledky
1. Marek Hilšer a Jiří Drahoš ozn... 1
2. Severokorejský vůdce Kim Čong-... 1
3. V ostravském Husově sadu byla... 0
4. Softwarový přehrávač MP3 od sp... 1
5. V neděli získaly tyto české te... 0.5
6. V hlasování na facebooku poraz... 0
7. "Ten Francin je nějaké ____ na... 1
8. Jak se jmenoval hlavní hrdina... 1
9. Kterým slovem, pro Hrabala typ... 1
10. Celkem kolik osob cestuje dopr... 1